| 000 | 00570nam a2200169 i 4500 | ||
|---|---|---|---|
| 001 | 93079 | ||
| 003 | ES-MaACL | ||
| 005 | 20230906181125.0 | ||
| 007 | t| | ||
| 008 | 050407s1947 sp ||||1| fre d | ||
| 100 | 1 |
_aLoewenstein Lestrade, René. _973112 |
|
| 245 | 1 | 0 |
_aDon Juan d'Automne _b: polyphonie dramatique en six episodes / _cRené Loewenstein Lestrade; [preface par Ernest Ribère]. |
| 260 |
_aMajorque : _b[s.n.], _c1947 ( _fImp. Mossén Alcover) |
||
| 300 |
_a67 p. ; _c16 cm. |
||
| 700 | 1 |
_aRibère, Ernest. _996798 |
|
| 852 |
_aES-MaACL _j1871-F-17 _bR.23968 |
||
| 999 |
_c93079 _d93079 |
||